000 00541nam a2200217Ia 4500
003 OSt
005 20220926042005.0
006 a|||||r|||| 00| 0
007 ta
008 220923b |||||||| |||| 00| 0 eng d
037 _cGeneral Book
040 _aRTL
_cRTL
_beng
041 _2eng
_aeng
082 _aY592, J0
100 _aHocart A . M.
_923926
245 0 _aCaste
_b A comparative study
260 _c1950
650 _aCaste
_9184358
942 _hY592, J0
_cGB
_2CC
999 _c668615
_d668615